Normal view
MARC view
- Quetzalcóatl
Entry Nombre Personal
001 - NUMERO DE CONTROL
- campo de control: 22720
003 - IDENTIFICADOR DE NUMERO DE CONTROL
- campo de control: UPN
005 - FECHA Y HORA DE LA ÜLTIMA TRANSACCIÓN
- campo de control: 20250919110153.0
008 - DATOS DE LONGITUD FIJA
- campo de control de longitud fija: 220921nn acnnnaabn n ana d
035 ## - NUMERO DE CONTROL
- Número de control: UPN10000022729
040 ## - FUENTE DE CATALOGACIÓN
- Lenguaje de catalogación: SPA
- Agencia de transcripción: UPN
- Agencia original de catalogación: UPN
100 0# - ENCABEZAMIENTO - NOMBRE PERSONAL
- Nombre personal: Quetzalcóatl
- Títulos u otras palabras asociadas al nombre: (Deidad mesoamericana)
400 0# - VEÁSE - NOMBRE DE PERSONA
- Personal name: Quetzalcóatl
- Titles and other words associated with a name: (Deidad azteca)
670 ## - FUENTE EN LA QUE SE LOCALIZARON DATOS
- Cita de la fuente: LC
- Información localizada: Quetzalcoatl (Mesoamerican deity)
902 ## - CATALOGADOR
- Catalogador: CAA/091096
